• 首页
  • 本馆介绍
  • 公告通知
  • 最新文献
  • 馆藏检索
  • 电子资源
  • 读者导购
  • 参考咨询
  • 我的图书馆
  • 登录
  • 详细信息显示
  • 放入我的书架
  • 预约/预借图书
  • 作者相关作品
  • 分类相关作品
  • 丛书相关作品
  • 出版社相关作品

书目信息

  • 表格格式
  • 工作单格式
  • 卡片格式
题名:
日本梦
    
 
作者: 刘明福 , 加藤嘉一 著
分册:  
出版信息: 北京   东方出版社  2016
页数: 322页
开本: 24cm
丛书名:
单 册:
中图分类: K313.07
科图分类:
主题词:
电子资源:
ISBN: 978-7-5060-9302-6
000 00925nam0 22002531 450
001 0127144044
005 20170427144044.0
010    @a978-7-5060-9302-6@dCNY39.90
100    @a20170217d2016 em y0chiy50 ea
101 0  @achi
102    @aCN@b110000
105    @ay z 000yy
106    @ar
200 1  @a日本梦@Ari ben meng@e沉默,但迟早要选择@f刘明福,(日)加藤嘉一著
210    @a北京@c东方出版社@d2016
215    @a322页@d24cm
330    @a本书通过一问一答的模式,深入探讨日本的历史、现状、文化特征、观念演进和未来命运。从日本经济、文化、政治的各个方面,对日本进行了深入的研究,探讨了日本人的国民性格和普通民众的想法。
517 1  @a沉默,但迟早要选择@Achen mo dan chi zao yao xuan ze
607    @a日本@Ari ben@x研究
690    @aK313.07@v5
701  0 @a刘明福@Aliu ming fu@4著
701  0 @c(日)@a加藤嘉一@Ajia teng jia yi@f(1984-)@4著
801  0 @aCN@bTANGWEI@c20170308
905    @b0966399-402@dK313.07@e62@f4
    
    日本梦:沉默,但迟早要选择/刘明福,(日)加藤嘉一著.-北京:东方出版社,2016
    322页;24cm
    
    
    ISBN 978-7-5060-9302-6:CNY39.90
    本书通过一问一答的模式,深入探讨日本的历史、现状、文化特征、观念演进和未来命运。从日本经济、文化、政治的各个方面,对日本进行了深入的研究,探讨了日本人的国民性格和普通民众的想法。
●
相关链接 在E读中查询图书 在五车中查询图书 在当当中查询图书 在豆瓣中查询图书


正题名:日本梦     索取号:K313.07/62         预约/预借

序号 登录号 条形码 馆藏地/架位号 状态 备注
1 0966399   209663997   第二样本阅览室/ [索取号:K313.07/62] 在馆    
2 0966400   209664004   第二借阅区/ [索取号:K313.07/62] 在馆    
3 0966401   209664013   第二借阅区/ [索取号:K313.07/62] 在馆    
4 0966402   209664022   第二借阅区/ [索取号:K313.07/62] 在馆    
唐山师范学院图书馆 欢迎您!
大连网信软件有限公司© 版权所有